Truck manufacturers - Statistics

General Stats
  • This quiz has been taken 33 times
  • The average score is 11 of 128
Answer Stats
Hint Answer % Correct
Germany Man
68%
Sweden Volvo
68%
Sweden Scania
61%
Usa Ford
57%
Germany Mercedes
50%
France Renault
50%
Usa Dodge
43%
Usa Peterbilt
43%
Usa Chevrolet
39%
Usa Mack
39%
India Tata
39%
Netherlands Daf
36%
Usa Gmc
32%
Italy Iveco
32%
Germany Volkswagen
29%
Usa Kenworth
25%
Japan Ud trucks
25%
Usa Western star
25%
Italy Fiat
21%
Usa Freightliner
21%
Usa International
18%
Czechia Skoda
18%
France Citroen
14%
Japan Isuzu
14%
Czechia Tatra
14%
Usa White
11%
Italy Alfa romeo
7%
Turkey Bmc
7%
Romania Dac
7%
Uk Foden
7%
Japan Fuso
7%
Japan Hino
7%
South korea Hyundai
7%
Russia Kamaz
7%
Uk Leyland
7%
Belarus Maz
7%
Canada Pacific
7%
France Peugeot
7%
Austria Steyr
7%
Serbia Zastava
7%
Uk Albion
4%
India Ashok leyland
4%
Uk Bedford
4%
Uk Dennis
4%
Uk Erf
4%
Germany Faun
4%
Russia Gaz
4%
Ukraine Kraz
4%
Italy Lancia
4%
Czechia Liaz
4%
Germany Magirus deutz
4%
India Mahindra
4%
Italy Om
4%
Germany Opel
4%
Usa Oshkosh
4%
Spain Pegaso
4%
Romania Roman
4%
Uk Seddon atkinson
4%
China Shacman
4%
Slovenia Tam
4%
Germany Unimog
4%
Russia Ural
4%
Russia Zil
4%
Uk Aec
0%
Brazil Agrale
0%
Turkey Askam
0%
Italy Astra
0%
Uk Austin
0%
Usa Autocar
0%
Belgium Automiesse
0%
Czechia Avia
0%
East germany Barkas
0%
Spain Barreiros
0%
Russia Baz
0%
China Beiben
0%
Belarus Belaz
0%
Usa Bering
0%
France Berliet
0%
Switzerland Berna
0%
India Bharatbenz
0%
Germany Borgward
0%
Usa Brockway
0%
Germany Bussing
0%
Usa Ccc
0%
Uk Commer
0%
Hungary Csepel
0%
Ireland Dennison
0%
Usa Diamond reo
0%
Mexico Dina
0%
Spain Ebro
0%
India Eicher
0%
Serbia Fap
0%
Usa Fargo
0%
Switzerland Fbw
0%
China Foton
0%
Netherlands Ftf
0%
Netherlands Ginaf
0%
Uk Guy
0%
Germany Hanomag
0%
Germany Henschel
0%
East germany Ifa
0%
Poland Jelcz
0%
Georgia Kaz
0%
Cyprus Kmc
0%
Bulgaria Madara
0%
Usa Marmon
0%
Belgium Mol
0%
East germany Multicar
0%
Belarus Mzkt
0%
Austria Oaf
0%
Czechia Praga
0%
Hungary Raba
0%
East germany Robur
0%
South africa Samil
0%
Switzerland Saurer
0%
France Saviem
0%
Uk Scammell
0%
China Sinotruk
0%
Finland Sisu
0%
Algeria Snvi
0%
Poland Star
0%
Usa Sterling
0%
Estonia Tarz
0%
Nertherlanda Terberg
0%
France Unic
0%
Uk Unipower
0%
Finland Vanaja
0%
France Willeme
0%
No matching quizzes found
Score Distribution
Percent of People with Each Score
Percentile by Number Answered
Your Score History
You have not taken this quiz